Management consulting in practice (Record no. 103805)

MARC details
000 -LEADER
fixed length control field 01337cam a2200265 4500
008 - FIXED-LENGTH DATA ELEMENTS--GENERAL INFORMATION
fixed length control field 040930n2004 000 0 eng u
020 ## - INTERNATIONAL STANDARD BOOK NUMBER
International Standard Book Number 0749442816
035 ## - SYSTEM CONTROL NUMBER
System control number (Sirsi) u127574
041 ## - LANGUAGE CODE
Language code of text/sound track or separate title eng
050 ## - LIBRARY OF CONGRESS CALL NUMBER
Classification number 658.46
-- 18
050 ## - LIBRARY OF CONGRESS CALL NUMBER
Classification number 001.068
-- 22
100 ## - MAIN ENTRY--PERSONAL NAME
Personal name Czerniawska, Fiona
245 ## - TITLE STATEMENT
Title Management consulting in practice
Remainder of title award-winning international case studies
260 ## - PUBLICATION, DISTRIBUTION, ETC.
Place of publication, distribution, etc. London
Name of publisher, distributor, etc. Kogan page
Date of publication, distribution, etc. 2004
300 ## - PHYSICAL DESCRIPTION
Extent vii, 303p.
Dimensions 25cm.
350 ## - PRICE (NR) (BK AM CF MU VM SE) [OBSOLETE]
Price 35
520 ## - SUMMARY, ETC.
Summary, etc. Through a series of case studies from the private and public sectors, this book presents best practice in management consulting and explores the relationship between management consultancy teams and their clients. The case studies span all disciplines including change management, human resources, operational performance, business strategy, technology exploitation, outsourcing and electronic trading. Each case study considers how a business situation was tackled, and examines how the team responded to the challenges during the project and the unexpected lessons learnt. References.
650 ## - SUBJECT ADDED ENTRY--TOPICAL TERM
Topical term or geographic name entry element BUSINESS STRATEGIES
650 ## - SUBJECT ADDED ENTRY--TOPICAL TERM
Topical term or geographic name entry element MANAGEMENT CONSULTANTS
650 ## - SUBJECT ADDED ENTRY--TOPICAL TERM
Topical term or geographic name entry element Management consultancy
9 (RLIN) 6255
690 ## - LOCAL SUBJECT ADDED ENTRY--TOPICAL TERM (OCLC, RLIN)
Topical term or geographic name as entry element MANAGEMENT-BUSINESS MANAGEMENT
700 ## - ADDED ENTRY--PERSONAL NAME
Personal name May, Paul
710 ## - ADDED ENTRY--CORPORATE NAME
Corporate name or jurisdiction name as entry element Management Consultancies Association
9 (RLIN) 516
942 ## - ADDED ENTRY ELEMENTS (KOHA)
Suppress in OPAC 0
Holdings
Withdrawn status Lost status Source of classification or shelving scheme Damaged status Not for loan Home library Current library Shelving location Date acquired Cost, normal purchase price Total Checkouts Full call number Barcode Date last seen Date last checked out Copy number Cost, replacement price Price effective from Koha item type
    Dewey Decimal Classification     London London Books 01/11/2004 35.00 12 658.46 CZE 30069662 06/08/2019 09/10/2009 1 35.00 06/08/2019 Book